Statystyki dla Największe jeziora Polski z mapą

Kliknij tutaj aby rozwiązać quiz!

Ogólne statystyki

  • Ten quiz został rozwiązany 9 228 razy
  • Średni wynik to 7 z 20

Odpowiedzi na mapie

Odpowiedzi skodowane kolorowo w zielono-czerwonej skali na mapie do tego quizu, zgodnie z poniższymi procentami.
 

Statystyki odpowiedzi

L.p.JezioroPowierzchnia ha% Poprawnych
1.Śniardwy11487,5
94%
2.Mamry (cały kompleks)9851,0
82%
3.Łebsko7020,0
61%
11.Gopło2121,5
48%
10.Wigry2115,0
48%
6.Jeziorak3152,5
43%
4.Dąbie5408,0
41%
8.Gardno2337,5
37%
9.Jamno2231,5
37%
12.Drawsko1797,5
32%
7.Niegocin2595,0
32%
5.Miedwie3491,0
28%
13.Roś1808,5
18%
16.Nidzkie1750,0
17%
20.Żarnowieckie1425,0
15%
15.Tałty-Ryńskie1796,0
14%
17.Bukowo1644,0
12%
14.Wielimie1637,5
12%
19.Lubie1487,5
11%
18.Rajgrodzkie1499,0
10%

Rozkład punktacji

Percentyl według liczby udzielonych odpowiedzi

Procent ludzi z każdym wynikiem

Twoja historia wyników

Nie rozwiązałeś tego quizu